000 00538nam a2200157Ia 4500
008 110201s9999 xx 000 0 und d
082 _bB1408
_aV 15
100 _aशिरवाडकर वसंत
245 _aसागराच्या उदरातून
365 _b13
600 _aशिरवाडकर वसंत
630 _aसागराच्या उदरातून
700 _aशिरवाडकर वसंत
730 _aसागराच्या उदरातून
942 _cBOOK
999 _c828651
_d828648